| 000 -ლიდერი |
| ფიქსირებული სიგრძის საკონტროლო ველი |
01302nam a22001937a 4500 |
| 003 - საკონტროლო ნომრის იდენტიფიკატორი |
| საკონტროლო ველი |
Ge_BSU |
| 005 - ბოლო ოპერაციის თარიღი და დრო |
| საკონტროლო ველი |
20241008112343.0 |
| 008 - ფიქსირებული სიგრძის მონაცემთა ელემენტები - ზოგადი ინფორმაცია |
| ფიქსირებული სიგრძის საკონტროლო ველი |
241008s1960 ge ||||| |||| 00| 0 geo d |
| 041 ## - ენის კოდი |
| Language code of text/sound track or separate title |
geo |
| 080 ## - უნივერსალური ათობითი კლასიფიკაციის ინდექსი |
| Universal Decimal Classification number |
913.1(479.22) ს-32 |
| 245 ## - ცნობა სათაურის შესახებ |
| Title |
საქართველოს ისტორიული გეოგრაფიის კრებული : |
| Remainder of title |
ტ. 1 / |
| Statement of responsibility, etc |
საქართველოს სსრ მეცნიერებათა აკადემია, ივ. ჯავახიშვილის სახ. ისტორიის, არქეოლოგიისა და ეთნოგრაფიის ინსტიტუტი. |
| 264 ## - წარმოების, გამოცემის, დისტრიბუციის და სხვა ცნობები |
| გამოცემის, წარმოების, დისტრიბუციის... ადგილი |
თბილისი, |
| გამოცემის, წარმოების, დისტრიბუციის... თარიღი |
1960. |
| 300 ## - ფიზიკური აღწერა |
| Extent |
198 გვ.; |
| Other physical details |
26 სმ. |
| 653 ## - INDEX TERM--UNCONTROLLED |
| Uncontrolled term |
ისტორია |
| 653 ## - INDEX TERM--UNCONTROLLED |
| Uncontrolled term |
ისტორიული გეოგრაფია |
| 700 ## - ADDED ENTRY--PERSONAL NAME |
| Personal name |
ბერძენიშვილი, ნ. |
| Relator term |
რედაქტორი |
| 9 (RLIN) |
23339 |
| 710 ## - ADDED ENTRY--CORPORATE NAME |
| Corporate name or jurisdiction name as entry element |
საქართველოს სსრ მეცნიერებათა აკადემია, ივ. ჯავახიშვილის სახ. ისტორიის, არქეოლოგიისა და ეთნოგრაფიის ინსტიტუტი. |
| 9 (RLIN) |
18718 |
| 942 ## - ADDED ENTRY ELEMENTS (KOHA) |
| Source of classification or shelving scheme |
|
| Koha item type |
წიგნი |